000 00736nac a22001931u 4500
010 _a005380688
082 _a616.0793
_bD4341
090 _c3418
_d3418
100 _aDenson, Kenneth Williast.
245 _aThe use of antibodies in the study of blood coagulation /
_b Kenneth William Ernest Denson.
260 _aOxford ; Edinburgh :
_bBlackwell Scientific Publications, C.1967.
_cC.1967.
300 _a253p. ;
_b 8vo.
500 _aDonations.
500 _aDonations - Bibliotheca Alexandrina.
650 _aAntibodies.
650 _aPharmaceutical industry.
942 _cBB
_k616.0793 D4341
999 _c3418
_d3418